000 nam a22 7a 4500
999 _c9822
_d9822
008 180208b ||||| |||| 00| 0 eng d
100 _aLearners Press
_95912
245 _aMore Thinking Games
260 _aNew Delhi
_bLearners Press
_c2002